| 000 | 00759nam a2200253 a 4500 | ||
|---|---|---|---|
| 001 | 65662 | ||
| 003 | BD-RjUL | ||
| 005 | 20211209081441.0 | ||
| 008 | 170314s1971 ncu b 001 0 eng | ||
| 020 | _a0822302446 | ||
| 035 | _a(BD-RjUL) | ||
| 040 |
_aDLC _cDLC _dDLC _dBD-RjUL _beng |
||
| 041 | _aeng | ||
| 082 | 0 | 0 |
_223 _a150.1957 _bHII 1971 |
| 100 | 1 |
_aHine, Frederick R., _d1925- _9195706 |
|
| 245 | 1 | 0 |
_aIntroduction to psychodynamics : _ba conflict-adaptational approach / _cFrederick R. Hine. |
| 260 |
_aDurham, N.C. : _bDuke University Press, _cc1971. |
||
| 300 |
_axi, 95 p. ; _c25 cm. |
||
| 500 | _aIncludes index. | ||
| 650 | 0 |
_aNeuroses. _9195707 |
|
| 650 | 0 |
_aConflict (Psychology) _9195708 |
|
| 650 | 0 |
_aPersonality. _9195709 |
|
| 942 |
_2ddc _cBK |
||
| 999 |
_c65662 _d65662 |
||